Представление документа в формате MARC21

ПолеНазваниеЗначение
  Тип записи a
  Библиографический уровень m
001 Контрольный номер RU/URAIT/562856
005 Дата корректировки 20260429163711.6
008 Кодируемые данные 260429s2025 RU y f j 000 0 rus u
020 Индекс ISBN __
a ISBN 978-5-9916-9766-8
c Цена, тираж 1469.00
040 Источник каталогиз. __
a Служба первич. каталог. ИКО Юрайт
c Служба, преобразующая запись ИКО Юрайт
e Правила каталог. RCR
041 Код языка издания __
a Код языка текста rus
044 Код страны публикации __
a Код страны публикации RU
080 Индекс УДК __
a Индекс УДК 18
084 Индекс другой классификации/Индекс ББК __
2 Источник индекса rubbk
a Индекс другой классификации/Индекс ББК 87.8
100 Автор __
a Автор Якоб Л.
q Полное имя Якоб Людвиг Гейнрих Конрад
245 Заглавие __
a Заглавие Русские эстетические трактаты в 2 т. Том 2. Романтизм
b Продолж. заглавия - (отсутствует)
c Ответственность Л.Якоб [и др.] ; под общей редакцией А. А. Сафонова.
256 Характеристики компьютерного файла __
a Характеристики компьютерного файла Электрон. дан.
260 Выходные данные __
a Место издания Москва
b Издательство Юрайт
c Дата издания 2025
300 Физическое описание __
a Объем 444 с
440 Серия __
a Серия Антология мысли
500 Примечания __
a Примечание URL: https://urait.ru/bcode/562856 (дата обращения: 29.04.2026).
520 Аннотация __
a Аннотация В первый том предлагаемого сборника включены работы русских эстетиков, представителей просветительского классицизма начала XIX в. А. Мерзлякова, П. Георгиевского, В. Перевощикова, И. Войцеховича и др. Русские классицисты, опираясь на достижения западноевропейской эстетики (Баттё, Буало), дали своеобразную трактовку проблем «подражания», сущности искусства и других эстетических категорий. Во втором томе представлены материалы, характеризующие развитие русской романтической эстетики (П. Вяземский, В. Одоевский, Д. Веневитинов, А. Галич и др.). Сочинения русских эстетиков и критиков раскрывают процесс поисков и формирования нравственно-эстетического идеала.
538 Прим. о системных особенностях __
a Прим. о системных особенностях Режим доступа: Электронно-библиотечная система Юрайт, для авториз. пользователей
653 Ключевые слова __
a Ключевые слова Специальные философские дисциплины
653 Ключевые слова __
a Ключевые слова Общественные науки
653 Ключевые слова __
a Ключевые слова История культуры России
653 Ключевые слова __
a Ключевые слова Эстетика
653 Ключевые слова __
a Ключевые слова История отечественной культуры
653 Ключевые слова __
a Ключевые слова Основы эстетики
653 Ключевые слова __
a Ключевые слова История культурологии
653 Ключевые слова __
a Ключевые слова История литературной критики
653 Ключевые слова __
a Ключевые слова История русской культуры
653 Ключевые слова __
a Ключевые слова История русской литературной критики
653 Ключевые слова __
a Ключевые слова Эстетика и теория искусства
653 Ключевые слова __
a Ключевые слова История и культура России
653 Ключевые слова __
a Ключевые слова История русской литературы и культуры
653 Ключевые слова __
a Ключевые слова История культурологической мысли
653 Ключевые слова __
a Ключевые слова Русский романтизм
653 Ключевые слова __
a Ключевые слова Эстетика русского романтизма
653 Ключевые слова __
a Ключевые слова Эстетика в системе философского знания
653 Ключевые слова __
a Ключевые слова История культурологических концепций
653 Ключевые слова __
a Ключевые слова История культурологических учений
700 Другие авторы __
a Другие авторы Сафонов А. А.
q Полное имя Сафонов Александр Андреевич
700 Другие авторы __
a Другие авторы Вяземский П. А.
q Полное имя Вяземский Петр Андреевич
700 Другие авторы __
a Другие авторы Одоевский В. Ф.
q Полное имя Одоевский Владимир Федорович
700 Другие авторы __
a Другие авторы Веневитинов Д. В.
q Полное имя Веневитинов Дмитрий Владимирович
700 Другие авторы __
a Другие авторы Галич А. И.
q Полное имя Галич Александр Иванович
700 Другие авторы __
a Другие авторы Кронеберг И. Я.
q Полное имя Кронеберг Иван Яковлевич
700 Другие авторы __
a Другие авторы Полевой Н. А.
q Полное имя Полевой Николай Алексеевич
700 Другие авторы __
a Другие авторы Павлов М. Г.
q Полное имя Павлов Михаил Григорьевич
700 Другие авторы __
a Другие авторы Средний-Камашев И. Н.
q Полное имя Средний-Камашев Иван Николаевич
700 Другие авторы __
a Другие авторы Надеждин Н. И.
q Полное имя Надеждин Николай Иванович
700 Другие авторы __
a Другие авторы Шевырев С. П.
q Полное имя Шевырев Степан Петрович
856 Электронный адрес документа 40
n Местонахождение сервера Юрайт
g Электронная книга
q Тип электронного формата html
h Имя пользователя ЮРАЙТ
v Часы доступа к ресурсу 20271231
2 Способ доступа Показать документ
x Служебное примечание https://urait.ru/book/cover/F2425771-E93F-497A-ACB8-EA27E90E3358
u URL https://urait.ru/bcode/562856
856 Электронный адрес документа 48
q Тип электронного формата cover
u URL https://urait.ru/book/cover/F2425771-E93F-497A-ACB8-EA27E90E3358
911 __
u 0030=https://urait.ru/bcode/562856
911 __
u 073a=9785991697668
u 073d=1469.00
911 __
u 106a=s
911 __
u 900l=
952 Тип литературы __
i Дисциплина История культуры России
952 Тип литературы __
i Дисциплина Эстетика
952 Тип литературы __
i Дисциплина История отечественной культуры
952 Тип литературы __
i Дисциплина Основы эстетики
952 Тип литературы __
i Дисциплина История культурологии
952 Тип литературы __
i Дисциплина История литературной критики
952 Тип литературы __
i Дисциплина История русской культуры
952 Тип литературы __
i Дисциплина История русской литературной критики
952 Тип литературы __
i Дисциплина Эстетика и теория искусства
952 Тип литературы __
i Дисциплина История и культура России
952 Тип литературы __
i Дисциплина История русской литературы и культуры
952 Тип литературы __
i Дисциплина История культурологической мысли
952 Тип литературы __
i Дисциплина Русский романтизм
952 Тип литературы __
i Дисциплина Эстетика русского романтизма
952 Тип литературы __
i Дисциплина Эстетика в системе философского знания
952 Тип литературы __
i Дисциплина История культурологических концепций
952 Тип литературы __
i Дисциплина История культурологических учений